Thông tin giáo dục quốc tế

Khái niệm khung các kỹ năng trong thế kỷ 21, những kết quả của học sinh thế kỷ 21, các hệ thống hỗ trợ thế kỷ 21 và những thay đổi trong giáo dục.

Na minha lista:
Detalhes bibliográficos
Autor principal: Nguyễn, Thị Hoàng Yến
Formato: Livro
Idioma:Undetermined
Publicado em: Hà Nội Viện Khoa học Giáo dục Việt Nam 2011
Assuntos:
Tags: Adicionar Tag
Sem tags, seja o primeiro a adicionar uma tag!
Thư viện lưu trữ: Trung tâm Học liệu Trường Đại học Cần Thơ
LEADER 00810nam a2200193Ia 4500
001 CTU_238508
008 210402s9999 xx 000 0 und d
082 |a 370 
082 |b Y603 
100 |a Nguyễn, Thị Hoàng Yến 
245 0 |a Thông tin giáo dục quốc tế 
245 0 |c Nguyễn Thị Hoàng Yến (Chủ biên) 
260 |a Hà Nội 
260 |b Viện Khoa học Giáo dục Việt Nam 
260 |c 2011 
520 |a Khái niệm khung các kỹ năng trong thế kỷ 21, những kết quả của học sinh thế kỷ 21, các hệ thống hỗ trợ thế kỷ 21 và những thay đổi trong giáo dục. 
650 |a Giáo dục,Education 
910 |b nthai 
980 |a Trung tâm Học liệu Trường Đại học Cần Thơ